LEADER 01702nas 2200577- 450 001 996321427003316 005 20220111213022.0 011 $a2283-5644 035 $a(DE-599)ZDB2831086-X 035 $a(OCoLC)768161371 035 $a(CKB)991042731853482 035 $a(CONSER)--2016263250 035 $a(EXLCZ)99991042731853482 100 $a20111212a19949999 --- - 101 0 $aita 135 $aur||||||||||| 181 $ctxt$2rdacontent 182 $cc$2rdamedia 183 $acr$2rdacarrier 200 10$aDrammaturgia 210 31$aFirenze, Italy :$cFirenze University Press 210 1$aRoma :$cSalerno editrice,$d1994- 215 $a1 online resource 300 $aRefereed/Peer-reviewed 300 $aEach issue has a specific title. 311 $a1122-9365 531 0 $aDrammaturgia 606 $aTheater$vPeriodicals 606 $aMotion pictures$vPeriodicals 606 $aDrama$xTechnique$vPeriodicals 606 $aDrama$xHistory and criticism$vPeriodicals 606 $aDrama$2fast$3(OCoLC)fst00897468 606 $aDrama$xTechnique$2fast$3(OCoLC)fst00897512 606 $aMotion pictures$2fast$3(OCoLC)fst01027285 606 $aTheater$2fast$3(OCoLC)fst01149217 608 $aCriticism, interpretation, etc.$2fast 608 $aPeriodicals.$2fast 610 $aDrama 615 0$aTheater 615 0$aMotion pictures 615 0$aDrama$xTechnique 615 0$aDrama$xHistory and criticism 615 7$aDrama. 615 7$aDrama$xTechnique. 615 7$aMotion pictures. 615 7$aTheater. 676 $a792/.05 906 $aJOURNAL 912 $a996321427003316 996 $aDrammaturgia$9974252 997 $aUNISA